| 000 | 00724cam a2200217 i 4500 | ||
|---|---|---|---|
| 999 |
_c113911 _d113911 |
||
| 001 | 19648212 | ||
| 005 | 20190918115901.0 | ||
| 008 | 170516s2018 nyua bf 001 0 eng | ||
| 020 | _a9780199772391 (hardcover : alk. paper) | ||
| 040 | _cPK-LaUMT | ||
| 082 | 0 | 0 |
_a616.8552 _223 _bOXF- |
| 245 | 0 | 4 |
_aThe Oxford handbook of aphasia and language disorders / _cedited by Anastasia M. Raymer, and Leslie J. Gonzalez Rothi |
| 260 |
_aOxford : _bOxford University Press, _c2018 |
||
| 300 |
_axvi, 334 p. : _billustrations ; _c26 cm. |
||
| 490 | 0 | _aOxford library of psychology | |
| 650 | 0 | _aAphasia | |
| 650 | 0 | _aLanguage disorders | |
| 700 | 1 | _aRaymer, Anastasia M., | |
| 700 | 1 | _aGonzalez-Rothi, Leslie J., | |
| 942 | _cBK | ||